000 01255nam a22003377a 4500
001 160
003 FISKH
005 20260311153951.0
008 230301b cb ||||| |||| 00| 0 eng d
040 _aDLC
_cDLC
_dDLC
_dFISKH
_beng
042 _alcac
050 0 0 _aPZ7.D5455
_bBe 2000
082 0 0 _a813.6
_221
100 1 _aDiCamillo, Kate.
245 1 0 _aBecause of Winn-Dixie /
_cKate DiCamillo.
250 _a1st ed.
260 _aNew York
_bScholastic
_c2000.
300 _a182 p.
_c18 cm.
505 _aM
520 _aTen-year-old India Opal Buloni describes her first summer in the town of Naomi, Florida, and all the good things that happen to her because of her big ugly dog Winn-Dixie.
521 8 _a670
_bLexile
521 8 _aM
_bRaz-Plus
650 1 _aDogs
_vFiction.
650 1 _aCity and town life
_zFlorida
_vFiction.
651 1 _aFlorida
_vFiction.
856 4 2 _3Contributor biographical information
_uhttp://www.loc.gov/catdir/enhancements/fy0601/99034260-b.html
856 4 2 _3Publisher description
_uhttp://www.loc.gov/catdir/enhancements/fy0601/99034260-d.html
856 4 1 _3Sample text
_uhttp://www.loc.gov/catdir/enhancements/fy0601/99034260-s.html
906 _a7
_bcbc
_corignew
_d1
_eocip
_f19
_gy-gencatlg
942 _2ddc
_cBK
_n0
999 _c160
_d160